000 00676nam a2200205Ia 4500
003 GCL
008 140319s9999 xx 000 0 ara d
040 _aGCL /
_cGCL
082 0 4 _a413.028
_bم ا
100 1 _aمحمد رشاد الحمزاوى
245 1 0 _aاعمال مجمع اللغة العربية بالقاهرة /
_cمحمد رشاد الحمزاوى
260 _a[S.N] :
_bدار الغرب الاسلامى ،
_c1988
300 _a637 ص
490 _aالسلسلة الجامعية
_v0
650 0 4 _aاللغة العربية
650 0 4 _aالمعاجم
650 0 4 _aمصطلحات
650 0 4 _aمجمع اللغة العربية
942 _2ddc
_cBK
999 _c53751
_d53751